00481nam a22001457a 4500008004100000020001800041050002200059245007200081260004900153300002600202440001300228500005000241650001400291700003000305170117b xxu||||| |||| 00| 0 eng d a9781256628408 aQC 24.5 .P49 2012 aUniversity physics with modern physics/cedited by Patrick F. Boles aBoston :bPearson Learning Solutions,c2012. a1521p;bill. ;c28cm. vVolume 2 aIncludes bibliographical references and index 2Astronomy aEdited by patrick f Boles